Les plus grandes artistes féminines du 21ème siècle (chanteuses) - Statistiques

Statistiques générales
  • Ce quiz a été pris 107 fois
  • Le résultat moyen est 5 sur 10
Statistiques - réponses
Hint Réponse % Correct
3 Beyoncé
86%
1 Taylor Swift
83%
2 Rihanna
80%
6 Lady Gaga
63%
8 Ariana Grande
61%
4 Adele
54%
5 Katy Perry
43%
9 Miley Cyrus
24%
10 Alicia Keys
15%
7 Pink
14%
Aucun quiz correspondant
Distribution des résultats
% des personnes avec chaque résultat
Percentile par nombre de réponses
Votre historique - résultats
Vous n’avez pas pris ce quiz